000 01147nam a2200301 i 4500
001 768714001
003 CO-MdFUSB
005 20240816104618.0
007 ta
008 220901t1972 mx a|||| |||| 00| 0 spa d
020 _q[No incluye ISBN]
040 _aCO-MdFUSB
_bspa
_cCO-MdFUSB
_dCO-MdFUSBC
_erda
041 _aspa
090 _aAV 0288
110 _aSunday School House,
245 3 _aEl cristianismo y las sectas falsas
_c/ Sunday School House
264 1 _aMéxico :
_bEdiciones Las Américas,
_c[1972]
264 4 _c© 1972
300 _a36 páginas
_c; 22 cm
336 _2rdacontent
_atexto
_btxt
337 _2rdamedia
_asin mediación
_bn
338 _2rdacarrier
_avolumen
_bnc
505 _aCristianismo, ¿falso p verdadero? -- Los "testigos de Jehová I -- Los "testigos de Jehová II. -- El mormonismo I. -- El mormoniso II. -- El espiritismo. -- La teosofía. -- El rosacrucismo. -- El baha´ismo. -- El rearme moral. -- El adventismo del 7° día I. -- El adventismo del 7° día II. -- El cristiano, hechura de Cristo.
563 _aRústico
650 7 _aCristianismo
_922
650 0 _aSectas
_91218
942 _cAV
999 _c68112
_d68112